| 000 | 00873nam a2200229Ii 4500 | ||
|---|---|---|---|
| 003 | JO-AjNU | ||
| 008 | 230605s9999||||xx |||||||||||||| ||und|| | ||
| 017 | _a2015/3/1400 | ||
| 020 | _a978-9957-608-15-6 | ||
| 040 |
_aJO-AjNU _bara _erda _cJO-AjNU |
||
| 041 | _aara | ||
| 050 | 1 | 4 | _aHD37 2016 |
| 100 | 3 |
_aالياسري، اكرم محسن، م.مشارك ايناس الفتلاوي, _eauthor _958171 |
|
| 245 | 0 | 0 | _aمستجدات فكرية في عالم ادارة الاعمال: التعليم التنظيمي . المنظمات المتعلمة . الاداء المنميز ، ج2 |
| 250 | _aط1 | ||
| 264 | 3 | 1 | _aعمان: الدار المنهجية للنشر، 2016 |
| 300 | _aج2: 144ص | ||
| 336 |
_atext _btxt _2rdacontent |
||
| 337 |
_aunmediated _bn _2rdamedia |
||
| 338 |
_avolume _bnc _2rdacarrier |
||
| 650 | 4 |
_aادارة الاعمال _958172 |
|
| 999 |
_aA26109 _c29677 _d29677 |
||